Estudios sobre el viaje en la literatura de la Grecia antigua / (Record no. 89011)

MARC details
000 -LEADER
campo de control de longitud fija 00949nam a2200277 i 4500
001 - NÚMERO DE CONTROL
campo de control 89011
003 - IDENTIFICADOR DE NÚMERO DE CONTROL
campo de control ES-MaACL
005 - FECHA Y HORA DE LA ÚLTIMA TRANSACCIÓN
campo de control 20250827052324.0
007 - CAMPO FIJO DE DESCRIPCIÓN FÍSICA--INFORMACIÓN GENERAL
campo de control de longitud fija t|
008 - DATOS DE LONGITUD FIJA--INFORMACIÓN GENERAL
campo de control de longitud fija 050124s2002 sp ||||1| spa d
020 ## - NÚMERO INTERNACIONAL ESTÁNDAR DEL LIBRO
Número Internacional Estándar del Libro 84-472-0751-X
080 ## - NÚMERO DE LA CLASIFICACIÓN DECIMAL UNIVERSAL
Número de la Clasificación Decimal Universal 821.14.09
080 ## - NÚMERO DE LA CLASIFICACIÓN DECIMAL UNIVERSAL
Número de la Clasificación Decimal Universal 910.4(0:82)
245 00 - MENCIÓN DEL TÍTULO
Título Estudios sobre el viaje en la literatura de la Grecia antigua /
Mención de responsabilidad, etc. Máximo Brioso Sánchez, Antonio Villarrubia Medina (editores).
260 ## - PUBLICACIÓN, DISTRIBUCIÓN, ETC.
Lugar de publicación, distribución, etc. Sevilla :
Nombre del editor, distribuidor, etc. Secretaría de Publicaciones, Universidad de Sevilla,
Fecha de publicación, distribución, etc. 2002.
300 ## - DESCRIPCIÓN FÍSICA
Extensión 262 p. ;
Dimensiones 24 cm.
490 1# - MENCIÓN DE SERIE
Mención de serie Literatura ;
Designación de volumen o secuencia 68
650 14 - PUNTO DE ACCESO ADICIONAL DE MATERIA--TÉRMINO DE MATERIA
Término de materia o nombre geográfico como elemento de entrada Literatura griega-
Subdivisión general Historia y crítica.
9 (RLIN) 14599
650 17 - PUNTO DE ACCESO ADICIONAL DE MATERIA--TÉRMINO DE MATERIA
Término de materia o nombre geográfico como elemento de entrada Viajes-
Subdivisión general En la literatura
Fuente del encabezamiento o término
9 (RLIN) 151280
700 1# - ENTRADA AGREGADA--NOMBRE PERSONAL
Nombre de persona Brioso Sánchez, Máximo.
9 (RLIN) 31778
700 1# - ENTRADA AGREGADA--NOMBRE PERSONAL
Nombre de persona Villarrubia Medina, Antonio.
9 (RLIN) 115146
710 2# - ENTRADA AGREGADA--NOMBRE DE ENTIDAD CORPORATIVA
Nombre de entidad corporativa o nombre de jurisdicción como elemento de entrada Universidad de Sevilla.
9 (RLIN) 7301
830 1# - PUNTO DE ACCESO ADICIONAL DE SERIE-TÍTULO UNIFORME
Título uniforme Literatura ;
Designación de volumen o secuencia 68
9 (RLIN) 177860
852 ## - LOCALIZACIÓN
Ubicación ES-MaACL
Número de control de estantería L-28642
Holdings
Estatus retirado Estado de pérdida Estado de daño No para préstamo Biblioteca de origen Biblioteca actual Ubicación en estantería Fecha de adquisición Fuente de adquisición Total de préstamos Signatura topográfica completa Código de barras Visto por última vez Precio de reemplazo Tipo de ítem Koha
        Biblioteca del Ateneo de Madrid Biblioteca del Ateneo de Madrid Depósito 2 17/01/2008     L-28642 1092965 23/02/2023 23/02/2023 Libro impreso